| 000 | 00830nam a2200277Ia 4500 | ||
|---|---|---|---|
| 003 | OSt | ||
| 005 | 20220912151842.0 | ||
| 006 | a|||||r|||| 00| 0 | ||
| 007 | ta | ||
| 008 | 220909b |||||||| |||| 00| 0 eng d | ||
| 024 | _a34126 | ||
| 037 | _cTextual | ||
| 040 |
_aCSL _beng _cCSL |
||
| 041 | _aeng | ||
| 082 | _aY:60gT:1(Y:4).N7, L4 | ||
| 100 | _aInkeles Alek Ed. | ||
| 245 | 0 | _aEducation and individual modernity in developing countries | |
| 260 |
_aLeiden _bE J Brill _c1974 |
||
| 300 |
_a136p. _ccm. |
||
| 490 | _aInternational studies in Sociology and Social Anthropology; 14 | ||
| 650 | _a Social change | ||
| 650 | _aSociology | ||
| 700 | _a Holsinger Donald B Ed. | ||
| 942 |
_hY:60gT:1(Y:4).N7, L4 _cTEXL _2CC |
||
| 999 |
_c76056 _d76056 |
||